The game plan (Record no. 528)
[ view plain ]
| 000 -LEADER | |
|---|---|
| fixed length control field | 03322cgm a2200709Ia 4500 |
| 003 - CONTROL NUMBER IDENTIFIER | |
| control field | data |
| 005 - DATE AND TIME OF LATEST TRANSACTION | |
| control field | 20260322212023.0 |
| 007 - PHYSICAL DESCRIPTION FIXED FIELD--GENERAL INFORMATION | |
| fixed length control field | data |
| 008 - FIXED-LENGTH DATA ELEMENTS--GENERAL INFORMATION | |
| fixed length control field | data |
| 020 ## - INTERNATIONAL STANDARD BOOK NUMBER | |
| International Standard Book Number | 078888333X |
| 020 ## - INTERNATIONAL STANDARD BOOK NUMBER | |
| International Standard Book Number | 9780788883330 |
| 024 1# - OTHER STANDARD IDENTIFIER | |
| Standard number or code | 786936747362 |
| 028 42 - PUBLISHER OR DISTRIBUTOR NUMBER | |
| Publisher or distributor number | 55692 |
| Source | Walt Disney Home Entertainment |
| 040 ## - CATALOGING SOURCE | |
| Original cataloging agency | TEFMT |
| Transcribing agency | TEFMT |
| Modifying agency | IHI |
| -- | BTCTA |
| -- | IHI |
| 041 1# - LANGUAGE CODE | |
| Language code of text/sound track or separate title | eng |
| Language code of summary or abstract | spa |
| Language code of text/sound track or separate title | spa |
| -- | eng |
| Language code of summary or abstract | fre |
| -- | spa |
| Language code of original | eng |
| 043 ## - GEOGRAPHIC AREA CODE | |
| Geographic area code | n-us--- |
| 050 14 - LIBRARY OF CONGRESS CALL NUMBER | |
| Classification number | PN1995.9.C55 |
| Item number | G364 2008 |
| 082 04 - DEWEY DECIMAL CLASSIFICATION NUMBER | |
| Classification number | 791.43/72 |
| Edition information | 22 |
| 090 ## - LOCALLY ASSIGNED LC-TYPE CALL NUMBER (OCLC); LOCAL CALL NUMBER (RLIN) | |
| Classification number (OCLC) (R) ; Classification number, CALL (RLIN) (NR) | DVD 910 |
| 001 - CONTROL NUMBER | |
| control field | data |
| 245 14 - TITLE STATEMENT | |
| Title | The game plan |
| Medium | [videorecording] / |
| Statement of responsibility, etc. | Gordon Gray ... [et al.]. |
| 260 ## - PUBLICATION, DISTRIBUTION, ETC. | |
| Place of publication, distribution, etc. | Burbank, CA : |
| Name of publisher, distributor, etc. | distributed by Walt Disney Studios Home Entertainment, |
| -- | distributed by Walt Disney Studios Home Entertainment, |
| Date of publication, distribution, etc. | [2008] |
| 300 ## - PHYSICAL DESCRIPTION | |
| Extent | 1 videodisc (ca. 110 min.) : |
| Other physical details | sd., col. ; |
| Dimensions | 4 3/4 in. |
| 500 ## - GENERAL NOTE | |
| General note | DVD release of the 2006 motion picture. |
| 500 ## - GENERAL NOTE | |
| General note | Special features: bloopers with Marv Albert; deleted scenes; ESPN's SportsCenter DVD exclusive: The king in search of a ring: Stuart Scott of ESPN hosts a look at Joe Kingmans' fictitious biography; ESPN's SportsCenter: The Rock learns to play QB - ESPN's Sean Salisbury interviews The Rock on how he learned to play quarterback for the movie. |
| 508 ## - CREATION/PRODUCTION CREDITS NOTE | |
| Creation/production credits note | Director of photography, Greg Gardiner ; editor, Michael Jablow ; music, Nathan Wang ; costume designer, Genevieve Tyrrell ; production designer, David J. Bomba. |
| 511 1# - PARTICIPANT OR PERFORMER NOTE | |
| Participant or performer note | Dwayne "The Rock" Johnson, Madison Pettis, Kyra Sedgwick, Morris Chestnut, Roselyn Sanchez. |
| 520 ## - SUMMARY, ETC. | |
| Summary, etc. | Superstar quarterback Joe Kingman has an ego bigger than a football field. Joe is getting ready for a run at the big championship game when the eight-year-old daughter he never knew existed shows up at his not-so-family-friendly bachelor pad. As the big game gets closer, he begins to realize the most meaningful win he can achieve is the heart of the one little fan who counts the most. |
| 521 8# - TARGET AUDIENCE NOTE | |
| Target audience note | MPAA rating: PG; for some mild thematic elements. |
| 538 ## - SYSTEM DETAILS NOTE | |
| System details note | DVD ; Region 1 ; full screen (1.33:1) presentation ; Dolby Digital 5.1 surround. |
| 546 ## - LANGUAGE NOTE | |
| Language note | In English, dubbed French or dubbed Spanish, with French or Spanish subtitles. |
| 546 ## - LANGUAGE NOTE | |
| Language note | Closed-captioned. |
| 650 #0 - SUBJECT ADDED ENTRY--TOPICAL TERM | |
| Topical term or geographic name entry element | Quarterbacks (Football) |
| Form subdivision | Drama. |
| 650 #0 - SUBJECT ADDED ENTRY--TOPICAL TERM | |
| Topical term or geographic name entry element | Fathers and daughters |
| Geographic subdivision | United States |
| Form subdivision | Drama. |
| 650 #0 - SUBJECT ADDED ENTRY--TOPICAL TERM | |
| Topical term or geographic name entry element | Single fathers |
| Geographic subdivision | United States |
| Form subdivision | Drama. |
| 650 #0 - SUBJECT ADDED ENTRY--TOPICAL TERM | |
| Topical term or geographic name entry element | Football teams |
| Geographic subdivision | United States |
| Form subdivision | Drama. |
| 655 #7 - INDEX TERM--GENRE/FORM | |
| Genre/form data or focus term | Comedy |
| Form subdivision | Feature. |
| Source of term | migfg. |
| 655 #7 - INDEX TERM--GENRE/FORM | |
| Genre/form data or focus term | Sports |
| Form subdivision | Feature. |
| Source of term | migfg. |
| 655 #7 - INDEX TERM--GENRE/FORM | |
| Genre/form data or focus term | Family |
| Form subdivision | Feature. |
| Source of term | migfg. |
| 655 #7 - INDEX TERM--GENRE/FORM | |
| Genre/form data or focus term | Feature films. |
| Source of term | gsafd. |
| 655 #7 - INDEX TERM--GENRE/FORM | |
| Genre/form data or focus term | Comedy films. |
| Source of term | gsafd. |
| 655 #0 - INDEX TERM--GENRE/FORM | |
| Genre/form data or focus term | Comedy films. |
| 655 #0 - INDEX TERM--GENRE/FORM | |
| Genre/form data or focus term | Football films. |
| 655 #0 - INDEX TERM--GENRE/FORM | |
| Genre/form data or focus term | Sports films. |
| 655 #0 - INDEX TERM--GENRE/FORM | |
| Genre/form data or focus term | Fiction films. |
| 655 #0 - INDEX TERM--GENRE/FORM | |
| Genre/form data or focus term | Feature films. |
| 700 1# - ADDED ENTRY--PERSONAL NAME | |
| Personal name | Gray, Gordon. |
| 700 1# - ADDED ENTRY--PERSONAL NAME | |
| Personal name | Ciardi, Mark. |
| 700 1# - ADDED ENTRY--PERSONAL NAME | |
| Personal name | Millard, Nichole. |
| 700 1# - ADDED ENTRY--PERSONAL NAME | |
| Personal name | Price, Kathryn. |
| 700 1# - ADDED ENTRY--PERSONAL NAME | |
| Personal name | Wells, Audrey, |
| Dates associated with a name | 1960- |
| 700 1# - ADDED ENTRY--PERSONAL NAME | |
| Personal name | Fickman, Andy. |
| 700 1# - ADDED ENTRY--PERSONAL NAME | |
| Personal name | Rock |
| Titles and other words associated with a name | (Wrestler) |
| 700 1# - ADDED ENTRY--PERSONAL NAME | |
| Personal name | Pettis, Madison. |
| 700 1# - ADDED ENTRY--PERSONAL NAME | |
| Personal name | Sedgwick, Kyra. |
| 700 1# - ADDED ENTRY--PERSONAL NAME | |
| Personal name | Chestnut, Morris. |
| 700 1# - ADDED ENTRY--PERSONAL NAME | |
| Personal name | Sanchez, Roselyn, |
| Dates associated with a name | 1970- |
| 710 2# - ADDED ENTRY--CORPORATE NAME | |
| Corporate name or jurisdiction name as entry element | Walt Disney Pictures. |
| 710 2# - ADDED ENTRY--CORPORATE NAME | |
| Corporate name or jurisdiction name as entry element | Mayhem Pictures. |
| 710 2# - ADDED ENTRY--CORPORATE NAME | |
| Corporate name or jurisdiction name as entry element | Walt Disney Home Entertainment (Firm) |
| 710 2# - ADDED ENTRY--CORPORATE NAME | |
| Corporate name or jurisdiction name as entry element | Walt Disney Studios Home Entertainment (Firm) |
| Withdrawn status | Lost status | Damaged status | Not for loan | Home library | Current library | Shelving location | Date acquired | Total checkouts | Full call number | Barcode | Date last seen | Price effective from | Koha item type |
|---|---|---|---|---|---|---|---|---|---|---|---|---|---|
| Centerville | Centerville | General stacks | 22/03/2026 | 791.43/72 22 | BC0010541 | 22/03/2026 | 22/03/2026 | Books |